Narrativas arts̕ticas del conflicto armado colombiano

Bibliographic Details
Main Author: Wills Obregn̤, Mara̕ Emma
Format: eBook
Language:Spanish
Published: Bogot:̀ Universidad de Los Andes (Colombia), 2021
Subjects:
Online Access:Acceso restringido

MARC

LEADER 00000nam a22000007a 4500
005 20221031233428.0
007 cr|||| ||||
008 221031s2021 co |||||s|||| 00||0 spa d
020 |a 978-958-798-111-7 
035 |a 37430 
040 |a vLex 
090 |c 14067  |d 14067 
100 1 |a Wills Obregn̤, Mara̕ Emma 
245 1 0 |a Narrativas arts̕ticas del conflicto armado colombiano  |h [Recurso electrn̤ico] /  |c Mara̕ Emma Wills Obregn̤ 
256 |a Servicio en ln̕ea 
260 |a Bogot:̀  |b Universidad de Los Andes (Colombia),  |c 2021 
300 |a 1 recurso electrn̤ico 
506 1 |a Disponible solo en los productos indicados  |d vLex Global  |d vLex Global (Academic Edition, excluding Law Schools)  |d vLex Global (U.S. Academic Edition, Law Schools)  |d vLex Global (U.S. Academic Edition, excluding Law Schools)  |d vLex Global (Academic Edition, Law Schools) 
650 0 4 |a Ciencias sociales  |z Colombia 
740 0 |a vLex Libros (Servicio en ln̕ea) 
856 4 0 |u https://app.vlex.com/#/sources/37430  |z Acceso restringido 
942 |c BOOK 
999 0 |a Social Sciences